书目信息 |
| 题名: |
印染橡塑助剂产品的制造技术
|
|
| 作者: | 宋小平 , 韩长日 主编 | |
| 分册: | ||
| 出版信息: | 北京 科学技术文献出版社 1996 |
|
| 页数: | 561 | |
| 开本: | 20cm | |
| 丛书名: | ||
| 单 册: | ||
| 中图分类: | TQ207-62 | |
| 科图分类: | ||
| 主题词: | 有机化工 | |
| 电子资源: | ||
| ISBN: | 7-5023-2546-8 | |
| 000 | 00758nam0 2200205 450 | |
| 001 | 0754114953 | |
| 005 | 20070929150154.95 | |
| 010 | @a7-5023-2546-8 | |
| 100 | @a20070929d km y0chiy0120 ea | |
| 101 | 0 | @achi |
| 200 | 1 | @a印染橡塑助剂产品的制造技术@Ayin ran xiang su zhu ji chan pin de zhi zao ji shu@e精细化工品实用生产技术手册@f韩长日,宋小平 主编@Fhan chang ri,song xiao ping zhu bian |
| 210 | @a北京@c科学技术文献出版社@d1996 | |
| 215 | @a561@c插图@d20cm | |
| 517 | 1 | @a精细化工品实用生产技术手册@Ajing xi hua gong pin shi yong sheng chan ji shu shou ce |
| 606 | 0 | @a有机化工 |
| 690 | @aTQ207-62@v3 | |
| 701 | 0 | @a宋小平@Asong xiao ping@4主编 |
| 701 | 0 | @a韩长日@Ahan chang ri@4主编 |
| 801 | 0 | @aCN@bPFT@c20070929 |
| 905 | @a213230@dTQ207-62@eh54@f1 | |
| 印染橡塑助剂产品的制造技术:精细化工品实用生产技术手册/韩长日,宋小平 主编.-北京:科学技术文献出版社,1996 |
| 561:插图;20cm |
| ISBN 7-5023-2546-8: |
| ● |
| 相关链接 |
|
|
|
|
正题名:印染橡塑助剂产品的制造技术
索取号:TQ207-62/h54
 
预约/预借
| 序号 | 登录号 | 条形码 | 馆藏地/架位号 | 状态 | 备注 |
| 1 | 6000981 | 260009813 | 密集书库-化学系/ [索取号:TQ207-62/h54] | 在馆 |